| 000 | 00405nam a2200169Ia 4500 | ||
|---|---|---|---|
| 008 | 221030s9999 xx 000 0 und d | ||
| 020 | _a9380016214 | ||
| 041 | _aEnglish | ||
| 082 | _a105.23 | ||
| 100 | _aI. Singh | ||
| 245 | 0 |
_aDigital Image Processing _cby I. Singh, B. Singh |
|
| 260 |
_bKhanna Pub. _aNew Delhi _c2010 |
||
| 300 | _a510 | ||
| 650 | _aComputers | ||
| 700 | _aB. Singh | ||
| 942 | _cBK | ||
| 999 |
_c9635 _d9635 |
||